| 000 | 01137nam a22002297a 4500 | ||
|---|---|---|---|
| 001 | 46957 | ||
| 003 | BD-RjUL | ||
| 005 | 20211209054233.0 | ||
| 008 | 160806s2007 bg ||||| |||| 00| 0 ben d | ||
| 020 | _c: TK 150.00 | ||
| 035 | _a(BD-RjUL)47076 | ||
| 040 |
_aBD-RjUL _bben _cBD-RjUL |
||
| 041 | _aben | ||
| 082 |
_223 _a891.4409 _bSIA 2007 |
||
| 100 |
_aসিদ্দিকা, মোবাররা _9120030 |
||
| 245 | 1 | 0 |
_aআধুনিক বাংলা সাহিত্যে মহিলাদের অবদান হানা ক্যাথরিন ম্যলেন্স থেকে রোকেয়া সাখাওয়াত হোসেন / _cমোবাররা সিদ্দিকা |
| 260 |
_aঢাকা : _bবাংলা একাডেমী, _c২০০৭ |
||
| 300 |
_a[১৪], ২৫৭ পৃ. ; _c২১ সেমি. |
||
| 650 |
_aBengali literature _xHistory and criticism. _y19th century _9143030 |
||
| 650 |
_aবাংলা সাহিত্য _xইতিহাস ও সমালোচনা _y১৯তম শতাব্দী _9143031 |
||
| 942 |
_2ddc _cBK _01 |
||
| 999 |
_c46957 _d46957 |
||